000 00571nam a2200229Ia 4500
003 OSt
005 20220924142411.0
006 a|||||r|||| 00| 0
007 ta
008 220923b |||||||| |||| 00| 0 ben d
024 _a301785
037 _cTextual
040 _aARTS
_cARTS
_bben
041 _2ben
_aben
082 _aV275, 157[P9]
100 _aDeuskar Sakharam Ganesh
_9213334
245 0 _aDesher katha
260 _c2009
650 _aHISTORY
942 _hV275, 157[P9]
_cTEXL
_2CC
999 _c450596
_d450596